| 000 | 00598nam a2200181 a 4500 | ||
|---|---|---|---|
| 001 | 000038496 | ||
| 005 | 20240228140233.0 | ||
| 008 | 130412s2012 dr 000 0 spa d | ||
| 020 | _a9789945165074 | ||
| 040 |
_aDO-SdBNP _bspa _cBNPHU |
||
| 100 | 1 |
_aJovine Bermúdez, Federico, _d1944-2017 _925425 |
|
| 245 | 1 | 0 |
_a¿Te atreverías a saltar? / _cFederico Jovine Bermúdez. |
| 260 |
_aSanto Domingo : _bEdiciones Bangó, _c2012. |
||
| 300 |
_a63 p. ; _c23 cm. |
||
| 490 | 1 | _aClásicos de hoy | |
| 500 | _aIncluye datos biográficos del autor en la contracubierta | ||
| 830 | 0 |
_aClásicos de hoy _964848 |
|
| 999 |
_c37986 _d37986 |
||